000 00685nam a22002297a 4500
003 OSt
005 20140310181929.0
008 130722t xxu||||| |||| 00| 0 eng d
020 _a9780328688234
050 _aLB 1573
_b.F716 2011
082 _aTR 372.4
_bF716 2011
100 _aForesman, Scott
_92517
245 _aEnvision it! visual skills handbook :
_bReading Street Grade 5.1 /
_cScott Foresman
260 _aUnited States :
_bPearson Education,
_cc2011.
300 _a509 p. :
_bcol. ill. ;
_c26 cm.
521 _aFaculty
541 _j1
562 _e1
650 _a Reading.
_9902
650 _aReading
_xStudy and teaching.
_92533
942 _2lcc
_cBK-TR
_kTR
999 _c7261
_d7261